000 00355cam a2200145ua 4500
041 _aeng
_h
082 _a823.308
_bSCO/GU
100 _aScott, Walter .
245 _aGuy mannering /
_cWalter Scott.
_hTextual Documents
260 _aLondon :
_bJ M Dent and Sons Ltd ,
_c1957.
300 _a450 ; .
504 _a
942 _cBK
999 _c11394
_d11394